LEADER 01359nam2 2200289 i 450 001 SUN0056669 005 20070510120000.0 010 $a88-06-15291-2 100 $a20061129d2002 |0itac50 ba 101 $aita 102 $aIT 105 $a|||| ||||| 200 1 $aˆ2: Le ‰forme$fa cura di Franco Moretti 210 $aTorino$cEinaudi$d2002 215 $a748 p., [22] p. di tav.$d22 cm. 461 1$1001SUN0056668$12001 $aˆIl ‰romanzo$fa cura di Franco Moretti$v2$1210 $aTorino$cG. Einaudi$1215 $av.$d22 cm. 620 $dTorino$3SUNL000001 702 1$aMoretti$b, Franco$3SUNV044978 712 $aEinaudi$3SUNV000030$4650 801 $aIT$bSOL$c20181109$gRICA 912 $aSUN0056669 950 $aBIBLIOTECA DEL DIPARTIMENTO DI ARCHITETTURA E DISEGNO INDUSTRIALE$d01 PREST IVCb34(2) $e01 48638 950 $aUFFICIO DI BIBLIOTECA DEL DIPARTIMENTO DI LETTERE E BENI CULTURALI$d07 CONS Zd 1506 2 $e07 UBL395 995 $aBIBLIOTECA DEL DIPARTIMENTO DI ARCHITETTURA E DISEGNO INDUSTRIALE$bIT-CE0107$h48638$kPREST IVCb34(2)$op$qa 995 $aUFFICIO DI BIBLIOTECA DEL DIPARTIMENTO DI LETTERE E BENI CULTURALI$bIT-CE0103$gUBL$h395$kCONS Zd 1506 2$oc$qa 996 $aForme$9218639 997 $aUNICAMPANIA LEADER 03333nam 2200745 a 450 001 9910460345903321 005 20200520144314.0 010 $a1-283-01628-1 010 $a9786613016287 010 $a0-8213-8574-7 035 $a(CKB)2670000000080211 035 $a(EBL)692797 035 $a(OCoLC)811493585 035 $a(SSID)ssj0000466953 035 $a(PQKBManifestationID)12165197 035 $a(PQKBTitleCode)TC0000466953 035 $a(PQKBWorkID)10465933 035 $a(PQKB)11497453 035 $a(MiAaPQ)EBC692797 035 $a(Au-PeEL)EBL692797 035 $a(CaPaEBR)ebr10453804 035 $a(CaONFJC)MIL301628 035 $a(OCoLC)711004420 035 $a(EXLCZ)992670000000080211 100 $a20100830d2011 uy 0 101 0 $aeng 135 $aurcn||||||||| 181 $ctxt 182 $cc 183 $acr 200 10$aAnnuities and other retirement products$b[electronic resource] $edesigning the payout phase /$fRoberto Rocha, Dimitri Vittas, Heinz P. Rudolph 210 $aWashington, D.C. $cWorld Bank$dc2011 215 $a1 online resource (376 p.) 225 1 $aDirections in development. Finance 300 $aDescription based upon print version of record. 311 $a0-8213-8573-9 320 $aIncludes bibliographical references and index. 327 $aContents; Preface; Abbreviations; Chapter 1 Introduction and Overview; Chapter 2 Designing the Payout Phase of Pension Systems: Policy Issues, Constraints, and Options; Tables; Chapter 3 The Payout Phase of Pension Systems: A Comparison of Five Countries; Figures; Chapter 4 Australia: Mandating Retirement Savings without Lifetime Annuitization; Chapter 5 Switzerland: Rigid Regulation and the Challenge of Sustainability; Chapter 6 Sweden: Promoting Personal Responsibility with a Strong Public Commitment 327 $aChapter 7 Denmark: The Benefits of Group Contracts with Deferred Annuities and Risk-Sharing Features Chapter 8 Chile: Building a Robust Market for Fixed Real Annuities; Index 330 $aIn the 1990's many emerging economies in Central Europe and Latin America initiated their pension reforms. While most analysis to date has focused on the accumulation phase, there are a number of lessons to be shared as countries start to prepare the retirement options for their contributors, with this book addressing these issues from a public policy perspective. 410 0$aDirections in development (Washington, D.C.).$pFinance. 606 $aPensions 606 $aAnnuities 606 $aOld age pensions 606 $aPensions$xGovernment policy 606 $aAnnuities$xGovernment policy 606 $aOld age pensions$xGovernment policy 608 $aElectronic books. 615 0$aPensions. 615 0$aAnnuities. 615 0$aOld age pensions. 615 0$aPensions$xGovernment policy. 615 0$aAnnuities$xGovernment policy. 615 0$aOld age pensions$xGovernment policy. 676 $a331.25/24 700 $aRocha$b Roberto Rezende$0611838 701 $aVittas$b Dimitri$0313393 701 $aRudolph$b Heinz P$0611839 801 0$bMiAaPQ 801 1$bMiAaPQ 801 2$bMiAaPQ 906 $aBOOK 912 $a9910460345903321 996 $aAnnuities and other retirement products$91137876 997 $aUNINA